书目信息 |
| 题名: |
解码“中国之治”
|
|
| 作者: | 姜卫平, 著 | |
| 分册: | ||
| 出版信息: | 北京 中国社会科学出版社 2019.01 |
|
| 页数: | 310页 | |
| 开本: | 24cm | |
| 丛书名: | ||
| 单 册: | ||
| 中图分类: | D261.3 | |
| 科图分类: | ||
| 主题词: | ||
| 电子资源: | ||
| ISBN: | 978-7-5203-3821-9 | |
| 000 | 00993nam0 2200265 450 | |
| 001 | 202021193065 | |
| 005 | 20211025120124.0 | |
| 010 | @a978-7-5203-3821-9@dCNY88.00 | |
| 100 | @a20210927d2019 em y0chiy50 ea | |
| 101 | 0 | @achi |
| 102 | @aCN@b110000 | |
| 105 | @ay a 000yy | |
| 106 | @ar | |
| 200 | 1 | @a解码“中国之治”@Ajie ma “ zhong guo zhi zhi ”@e新时代党群关系研究@f姜卫平著 |
| 210 | @a北京@c中国社会科学出版社@d2019.01 | |
| 215 | @a310页@d24cm | |
| 314 | @a姜卫平, 现任职于中国社会科学院办公厅研究室, 副研究员。 | |
| 320 | @a有书目 | |
| 330 | @a本书以政党理论为基础建立党群关系研究的框架, 从自身建设、社会整合、政党比较、治国理政四个方面来研究我党处理党群关系的历史经验和伟大成就。 | |
| 517 | 1 | @a新时代党群关系研究@Axin shi dai dang qun guan xi yan jiu |
| 601 | 02 | @a中国共产党@Azhong guo gong chan dang@x密切联系群众@x研究 |
| 690 | @aD261.3@v5 | |
| 701 | 0 | @a姜卫平,@Ajiang wei ping@f1975-@4著 |
| 801 | 0 | @aCN@c20210909 |
| 905 | @a河南城建学院图书馆@dD261.3@eJ524 | |
| 解码“中国之治”:新时代党群关系研究/姜卫平著.-北京:中国社会科学出版社,2019.01 |
| 310页;24cm |
| ISBN 978-7-5203-3821-9:CNY88.00 |
| 本书以政党理论为基础建立党群关系研究的框架, 从自身建设、社会整合、政党比较、治国理政四个方面来研究我党处理党群关系的历史经验和伟大成就。 |
| ● |
| 相关链接 |
|
|
|
正题名:解码"中国之治"
索取号:D261.3/J524
 
预约/预借
| 序号 | 登录号 | 条形码 | 馆藏地/架位号 | 状态 | 备注 |
| 1 | 1540211 | 215402115 | 社科库509/509社科库 69排5列1层/ [索取号:D261.3/J524] | 在馆 | |
| 2 | 1540212 | 215402124 | 社科库509/509社科库 69排5列1层/ [索取号:D261.3/J524] | 在馆 |